000 00754nam a22002417a 4500
003 UA-OsUOA
001 672
007 ta
008 20050623b un ||||| |||| 00| 0 ukr d
100 _aВернадський В.І.
090 _a929:001:016
_bВ35
942 _cBK
040 _aUA-OsUOA
_bukr
_cUA-OsUOA
_dUA-OsUOA
245 _aВчений, мислитель, громадянин
_bПраці вченого та література про нього з фондів НБУ ім. Вернадського
300 _a260 с.
955 _a1
041 _aukr
080 _a929:001:016
020 _a966-02-2840-6
260 _aК.
_c2003
650 7 _a9 Географія. Біографії. Історія
_2UDC
999 _c286838
_d286838